<?xml version="1.0" encoding="UTF-8"?>
<collection xmlns="http://www.loc.gov/MARC21/slim">
 <record>
  <leader>01013nmm a22002895u 4500</leader>
  <controlfield tag="001">springer.978-0-387-26240-6</controlfield>
  <controlfield tag="003">Springer</controlfield>
  <controlfield tag="005">20100326171616.0</controlfield>
  <controlfield tag="007">cr#nn#008mamaa</controlfield>
  <controlfield tag="008">100301s2007    xx         j        eng#d</controlfield>
  <datafield tag="020" ind1=" " ind2=" ">
   <subfield code="a">9780387686967</subfield>
  </datafield>
  <datafield tag="100" ind1="1" ind2=" ">
   <subfield code="a">Handy, Richard.</subfield>
  </datafield>
  <datafield tag="245" ind1="1" ind2="0">
   <subfield code="a">Astronomical Sketching: A Step-by-Step Introduction</subfield>
   <subfield code="h">[electronic resource] /</subfield>
   <subfield code="c">by Richard Handy, David B. Moody, Jeremy Perez, Erika Rix, Sol Robbins.</subfield>
  </datafield>
  <datafield tag="260" ind1=" " ind2=" ">
   <subfield code="a">New York, NY :</subfield>
   <subfield code="b">Springer Science+Business Media, LLC,</subfield>
   <subfield code="c">2007.</subfield>
  </datafield>
  <datafield tag="300" ind1=" " ind2=" ">
   <subfield code="b">v.: digital</subfield>
  </datafield>
  <datafield tag="440" ind1=" " ind2="0">
   <subfield code="a">Patrick Moores Practical Astronomy Series,</subfield>
   <subfield code="x">1431-9756</subfield>
  </datafield>
  <datafield tag="650" ind1=" " ind2="0">
   <subfield code="a">Science (General)</subfield>
  </datafield>
  <datafield tag="650" ind1=" " ind2="0">
   <subfield code="a">Astronomy</subfield>
  </datafield>
  <datafield tag="650" ind1="1" ind2="4">
   <subfield code="a">Popular Science</subfield>
  </datafield>
  <datafield tag="650" ind1="2" ind2="4">
   <subfield code="a">Popular Science in Astronomy</subfield>
  </datafield>
  <datafield tag="650" ind1="2" ind2="4">
   <subfield code="a">Astronomy</subfield>
  </datafield>
  <datafield tag="700" ind1="1" ind2=" ">
   <subfield code="a">Moody, David B.</subfield>
  </datafield>
  <datafield tag="700" ind1="1" ind2=" ">
   <subfield code="a">Perez, Jeremy.</subfield>
  </datafield>
  <datafield tag="700" ind1="1" ind2=" ">
   <subfield code="a">Rix, Erika.</subfield>
  </datafield>
  <datafield tag="700" ind1="1" ind2=" ">
   <subfield code="a">Robbins, Sol.</subfield>
  </datafield>
  <datafield tag="710" ind1="2" ind2=" ">
   <subfield code="a">SpringerLink (Online service)</subfield>
  </datafield>
  <datafield tag="856" ind1="4" ind2="0">
   <subfield code="u">http://dx.doi.org/10.1007/978-0-387-68696-7</subfield>
   <subfield code="y">SpringerLink, via BECYT</subfield>
  </datafield>
 </record>
</collection>
